000 01796nam a2200373 a 4500
001 000021845
003 DO-SdBNP
005 20240619085926.0
008 100913t2005 dr acd 001 0 spa d
020 _a9993494046
040 _aDO-SdBNP
_bspa
_cBNPHU
082 4 _a304.87293052
_bP376c
_222
100 1 _aPeguero, Valentina
_945358
245 1 0 _aColonización y política :
_blos japoneses y otros inmigrantes en la República Dominicana /
_cValentina Peguero ; prólogo Danilo de los Santos.
260 _aSanto Domingo :
_bAlfa y Omega,
_c2005.
300 _a307 p. :
_bil., gráf., mapas, retrs. ;
_c23 cm.
490 1 _aBanreservas
490 1 _aHistoria
_v1
500 _aIncluye notas al pie de páginas e índices de cuadros y de mapas.
500 _aIncluye datos biográficos de la autora en las solapas.
500 _aIncluye índice onomástico.
504 _aBibliografías : p. 295-301
505 _aDiáspora asiática en América Latina y el Caribe: inmigración japonesa y policía migratoria dominicana -- Los primeros inmigrantes japoneses a la República Dominicana -- Horticultores, pescadores y cafetaleros -- Cultura y agricultura, educación y política -- Éxodo de las colonias : quejas, protestas y demandas -- Interacción, aculturación, simbiosis
590 _aInventariado, 2018/VM
650 4 _aInmigrantes
_zRepública Dominicana
_xHistoria
_985680
651 4 _aRepública Dominicana
_xEmigración e inmigración
_9290
651 4 _aJaponeses en República Dominicana
_945359
651 4 _aRepública Dominicana
_xPoblación extranjera
_935156
700 1 _aSantos, Danilo de los,
_d1943-2018
_epról.
_910278
830 0 _aBanreservas
_99258
830 0 _aHistoria
_n1
_945360
910 _aValidado. Control de calidad EMS
942 _2ddc
_cLBS1
999 _c21343
_d21343